[Event "Stay Safe Play From Home 150"]
[Site "T#646043Emanuel Laske"]
[Date "2020.05.14"]
[Round "2"]
[White "Klari64"]
[Black "Mepe_Nika"]
[Result "1-0"]
[WhiteElo "2006"]
[BlackElo "2353"]
[Annotator "TA"]
[PlyCount "159"]
[EventDate "2020.05.14"]
[EventType "swiss (blitz)"]

{[%evp 10,158,27,-7,0,-56,-29,-60,-57,-65,-56,-57,4,-69,-59,-68,-59,-58,-52,-46,19,25,25,22,31,0,0,1,31,36,72,0,15,0,16,-50,-56,-42,11,10,108,118,266,271,337,325,318,278,291,290,292,293,291,279,291,275,284,277,385,385,385,385,378,378,377,377,372,362,348,267,312,244,364,360,629,650,616,565,691,681,595,468,601,586,2722,2435,2186,1642,3632,2752,29965,29974,29974,29975,29975,29976,29976,29977,29977,29978,29978,29979,29979,29980,29981,29978,29976,0,84,0,29981,29982,29982,29983,29983,29984,29984,29985,29985,29985,29985,8,29986,29987,29987,29988,29988,29988,29989,29988,29990,29991,29991,29991,29991,29992,29992,29992,29994,29994,29995,29995,29995,0,29996,29997,29997,29997,29998,29999,29999]} 1. d4 d5 2. c4 c6 3. Nf3 Nf6 4. e3 e6 5. Nc3 Nbd7 6. b3 Bb4 {D45: Semi-Slav: 5 e3.} 7. Bb2 (7. Qc2 $11) 7... Ne4 8. Qc2 Qa5 {[%cal Rb4c3] Black is slightly better.} 9. Rc1 Qxa2 10. Bd3 Nxc3 (10... Bxc3+ $15 11. Bxc3 Qxc2 12. Rxc2 Nxc3 13. Rxc3 dxc4 14. Rxc4 Nb6) 11. Bxc3 (11. O-O $1 $11 Qa5 12. Ra1 (12. Bxc3 Bxc3 13. Qxc3 Qxc3 $11)) 11... Qxc2 $15 12. Rxc2 Bxc3+ 13. Rxc3 O-O 14. O-O b6 {[#]} ({Black should try} 14... Re8 $15) 15. cxd5 $146 ({Predecessor:} 15. Ra1 Bb7 16. Rc2 dxc4 17. bxc4 c5 18. Be2 a6 19. Rb2 cxd4 20. Nxd4 Rfd8 21. c5 Nxc5 22. Rxb6 Bd5 23. Ra5 Rdc8 24. h3 Ne4 25. f3 Ng3 {½-½ (25) Kozhevnikov,A-Kuzmich,M Smolensk 2001}) 15... cxd5 16. Rc7 Nb8 17. b4 {[%mdl 1024] White has compensation.} (17. Rfc1 $5 {[%cal Rc7c8]} Na6 18. Re7 $14) 17... a5 {Strongly threatening ...Na6.} 18. b5 $1 a4 19. Ra1 $36 {[%mdl 2048] White has some pressure.} Bd7 20. Ne5 (20. Rb7 $1 $16) 20... Rd8 21. g4 f6 22. Nf3 ({Better is} 22. Nxd7 $11 Nxd7 23. Ra3) 22... Rc8 $15 23. Rb7 Be8 (23... Rc3 $15 24. Ne1 a3) 24. Rxb6 $11 Nd7 (24... Rc3 $11 {keeps the balance.} 25. Be2 (25. Rxe6 Bd7 $17) 25... Kf7) 25. Rxe6 $16 a3 (25... Kf7 $16 {might work better.} 26. Ra6 Rxa6 27. bxa6 Ra8) 26. Ra6 $18 Rxa6 27. bxa6 Rc3 28. Bb5 {Black must now prevent a7.} Kf7 29. Nd2 Nb6 30. Bxe8+ Kxe8 {[%mdl 4096] Endgame KRN-KRN} 31. Kg2 Kd7 32. a7 Kc7 33. Nb1 Rc1 34. Rxa3 Rxb1 35. a8=Q Nxa8 36. Rxa8 {KR-KR} Rb7 37. Rh8 h6 38. Kg3 Kd6 39. Kf4 Ke6 40. f3 Kf7 (40... g5+ $142 41. Kg3 Rb3) 41. h4 Ke6 $2 (41... g5+ 42. Kf5 Kg7) 42. h5 Re7 43. Ra8 Rd7 44. Ra6+ Kf7 45. Kf5 Re7 46. e4 Rd7 47. e5 fxe5 48. dxe5 {Threatening mate with e6+.} Rd8 49. Rd6 Rxd6 50. exd6 {KP-KP} d4 51. Ke4 Ke6 52. Kxd4 Kxd6 {K3P-KPP} 53. f4 Ke6 54. Ke4 Kf6 55. Kd5 $1 {[%cal Rd5d6]} Ke7 56. Ke5 $1 Kf7 57. Kd6 Kf6 58. Kd5 $2 (58. Kd7 $1 {mates} Kf7 59. Kd6 Kf6 60. Kd5 Kf7 61. Ke5 Kf8 62. Ke6 Kg8 63. Ke7) 58... Ke7 $16 59. Ke5 $2 {[%mdl 8192]} (59. g5 $16 hxg5 60. fxg5) 59... Kf7 $1 {[#] Black is now going downhill.} 60. Kf5 $1 {[%cal Rf5e5]} Ke7 {[#]} 61. Kg6 $1 Kf8 62. f5 Kg8 63. f6 gxf6 64. Kxf6 {KPP-KP} Kh7 65. Kf7 Kh8 66. Kg6 Kg8 67. Kxh6 {KP-KP} Kh8 68. Kg5 Kg8 69. Kf5 Kh8 70. g5 Kh7 71. g6+ Kg7 72. Kg5 Kg8 73. h6 Kh8 74. Kf6 Kg8 75. h7+ Kh8 76. g7+ Kxh7 {intending ...Kg8.} 77. Kf7 {White mates.} Kh6 78. g8=Q {[%csl Gf7][%cal Rg8g6]} Kh5 79. Qg3 Kh6 80. Qh4# {Accuracy: White = 86%, Black = 57%.} 1-0

[Event "Stay Safe Play From Home 150"]
[Site "T#646043Emanuel Laske"]
[Date "2020.05.14"]
[Round "2"]
[White "Lazieri3"]
[Black "Kongle"]
[Result "1-0"]
[WhiteElo "1965"]
[BlackElo "1735"]
[Annotator "NA RC"]
[PlyCount "123"]
[EventDate "2020.05.14"]
[EventType "swiss (blitz)"]

1. e4 {[%emt 0:00:01]} c5 {[%emt 0:00:06]} 2. Nc3 {[%emt 0:00:00]} Nc6 {[%emt 0:00:06]} 3. d3 {[%emt 0:00:00]} e6 {[%emt 0:00:02]} 4. Nf3 {[%emt 0:00:00]} Be7 {[%emt 0:00:01]} 5. Be3 {[%emt 0:00:01]} d6 {[%emt 0:00:01]} 6. Be2 {[%emt 0:00:01]} Nf6 {[%emt 0:00:01]} 7. O-O {[%emt 0:00:01]} O-O {[%emt 0:00:00]} 8. h3 {[%emt 0:00:01]} h6 {[%emt 0:00:02]} 9. Qd2 {[%emt 0:00:01]} a6 {[%emt 0:00:04]} 10. d4 {[%emt 0:00:01]} cxd4 {[%emt 0:00:02]} 11. Nxd4 {[%emt 0:00:00]} Ne5 {[%emt 0:00:01]} 12. f4 {[%emt 0:00:02]} Nc6 {[%emt 0:00:04]} 13. Rad1 {[%emt 0:00:02]} Bd7 {[%emt 0:00:01]} 14. a3 {[%emt 0:00:01]} Rc8 {[%emt 0:00:03]} 15. f5 {[%emt 0:00:02]} e5 {[%emt 0:00:03]} 16. Nxc6 {[%emt 0:00:03]} Bxc6 {[%emt 0:00:01]} 17. Bf3 {[%emt 0:00:10]} b5 {[%emt 0:00:12]} 18. Rfe1 {[%emt 0:00:09]} Qc7 {[%emt 0:00:05]} 19. Qd3 {[%emt 0:00:02]} Qb7 {[%emt 0:00:05]} 20. Rd2 {[%emt 0:00:07]} Rfd8 {[%emt 0:00:04]} 21. Bf2 {[%emt 0:00:02]} a5 {[%emt 0:00:06]} 22. Nd5 {[%emt 0:00:08]} Bxd5 {[%emt 0:00:05]} 23. exd5 {[%emt 0:00:00]} Rc4 {[%emt 0:00:05]} 24. b3 {[%emt 0:00:06]} e4 {[%emt 0:00:12]} 25. Bxe4 {[%emt 0:00:04]} Rxe4 {[%emt 0:00:02]} 26. Rxe4 {[%emt 0:00:01]} Nxe4 {[%emt 0:00:01]} 27. Qxe4 {[%emt 0:00:00]} Bf6 {[%emt 0:00:02]} 28. Bd4 {[%emt 0:00:07]} Bxd4+ {[%emt 0:00:11]} 29. Rxd4 {[%emt 0:00:02]} Qd7 {[%emt 0:00:03]} 30. f6 {[%emt 0:00:07]} Re8 {[%emt 0:00:07]} 31. Qf4 {[%emt 0:00:05]} g5 {[%emt 0:00:03]} 32. Qf3 {[%emt 0:00:13]} Qa7 {[%emt 0:00:04]} 33. c3 {[%emt 0:00:03]} b4 {[%emt 0:00:02]} 34. axb4 {[%emt 0:00:01]} axb4 {[%emt 0:00:02]} 35. Kh2 {[%emt 0:00:01]} bxc3 {[%emt 0:00:02]} 36. Qxc3 {[%emt 0:00:00]} Re2 {[%emt 0:00:08]} 37. Rc4 {[%emt 0:00:10]} Qe3 {[%emt 0:00:22]} 38. Rc8+ {[%emt 0:00:12]} Kh7 {[%emt 0:00:01]} 39. Qxe3 {[%emt 0:00:01]} Rxe3 {[%emt 0:00:02]} 40. Rd8 {[%emt 0:00:03]} Rxb3 {[%emt 0:00:04]} 41. Rxd6 {[%emt 0:00:01]} Kg6 {[%emt 0:00:01]} 42. Kg1 {[%emt 0:00:02]} h5 {[%emt 0:00:04]} 43. Kf2 {[%emt 0:00:02]} h4 {[%emt 0:00:01]} 44. Ke2 {[%emt 0:00:04]} Rg3 {[%emt 0:00:02]} 45. Kf2 {[%emt 0:00:01]} Rd3 {[%emt 0:00:00]} 46. Kf1 {[%emt 0:00:03]} Kf5 {[%emt 0:00:02]} 47. Kg1 {[%emt 0:00:01]} Ke5 {[%emt 0:00:01]} 48. Rd7 {[%emt 0:00:01]} Kxf6 {[%emt 0:00:01]} 49. Rd8 {[%emt 0:00:01]} Kg6 {[%emt 0:00:02]} 50. Kf2 {[%emt 0:00:02] (Lag: Av=0.65s, max=1.2s)} f5 51. Rg8+ Kf6 52. Rf8+ Ke5 53. Rg8 Kf4 54. Rd8 Rd2+ 55. Kf1 Kg3 56. Rg8 g4 57. hxg4 fxg4 58. Rg5 Rxg2 59. Rxg4+ Kxg4 60. Kxg2 Kf5 61. d6 Ke6 62. Kh3 1-0

[Event "Stay Safe Play From Home 150"]
[Site "T#646043Emanuel Laske"]
[Date "2020.05.14"]
[Round "2"]
[White "Ironmike"]
[Black "Tumnik_ad"]
[Result "1-0"]
[WhiteElo "1784"]
[BlackElo "1874"]
[Annotator "NA RC"]
[PlyCount "89"]
[EventDate "2020.05.14"]
[EventType "swiss (blitz)"]

1. e4 {[%emt 0:00:01]} e6 {[%emt 0:00:03]} 2. Nf3 {[%emt 0:00:00]} b6 {[%emt 0:00:00]} 3. Nc3 {[%emt 0:00:02]} Be7 {[%emt 0:00:01]} 4. d4 {[%emt 0:00:01]} Bb7 {[%emt 0:00:00]} 5. Bd3 {[%emt 0:00:01]} Bb4 {[%emt 0:00:01]} 6. O-O {[%emt 0:00:01]} Nf6 {[%emt 0:00:01]} 7. Bg5 {[%emt 0:00:01]} h6 {[%emt 0:00:01]} 8. Bxf6 {[%emt 0:00:01]} Qxf6 {[%emt 0:00:01]} 9. a3 {[%emt 0:00:04]} Bxc3 {[%emt 0:00:01]} 10. bxc3 {[%emt 0:00:00]} a5 {[%emt 0:00:05]} 11. Rb1 {[%emt 0:00:03]} O-O {[%emt 0:00:02]} 12. c4 {[%emt 0:00:02]} g5 {[%emt 0:00:03]} 13. d5 {[%emt 0:00:01]} g4 {[%emt 0:00:04]} 14. Nd2 {[%emt 0:00:02]} h5 {[%emt 0:00:02]} 15. f4 {[%emt 0:00:04]} exd5 {[%emt 0:00:07]} 16. cxd5 {[%emt 0:00:02]} Na6 {[%emt 0:00:02]} 17. e5 {[%emt 0:00:04]} Qg7 {[%emt 0:00:03]} 18. Be4 {[%emt 0:00:03]} Nc5 {[%emt 0:00:02]} 19. c4 {[%emt 0:00:05]} Nxe4 {[%emt 0:00:07]} 20. Nxe4 {[%emt 0:00:00]} Ba6 {[%emt 0:00:09]} 21. Qc2 {[%emt 0:00:02]} Qh7 {[%emt 0:00:05]} 22. f5 {[%emt 0:00:03]} Qh6 {[%emt 0:00:07]} 23. Qf2 {[%emt 0:00:08]} Rae8 {[%emt 0:00:02]} 24. Nf6+ {[%emt 0:00:02]} Kh8 {[%emt 0:00:04]} 25. Qd4 {[%emt 0:00:07]} Rd8 {[%emt 0:00:12]} 26. e6 {[%emt 0:00:02]} Qg7 {[%emt 0:00:03]} 27. e7 {[%emt 0:00:04]} Rb8 {[%emt 0:00:01]} 28. exf8=Q+ {[%emt 0:00:01]} Rxf8 {[%emt 0:00:00]} 29. Rbe1 {[%emt 0:00:06]} Bxc4 {[%emt 0:00:03]} 30. Qxc4 {[%emt 0:00:02]} Qxf6 {[%emt 0:00:01]} 31. Qf4 {[%emt 0:00:05]} Kh7 {[%emt 0:00:02]} 32. Rd1 {[%emt 0:00:09]} d6 {[%emt 0:00:01]} 33. Kh1 {[%emt 0:00:03]} Re8 {[%emt 0:00:02]} 34. h3 {[%emt 0:00:01]} Rg8 {[%emt 0:00:21]} 35. Qd4 {[%emt 0:00:09]} Qg5 {[%emt 0:00:04]} 36. Qf4 {[%emt 0:00:14]} Qh4 {[%emt 0:00:04]} 37. Rde1 {[%emt 0:00:08]} Qf6 {[%emt 0:00:02]} 38. Qe4 {[%emt 0:00:04]} gxh3 {[%emt 0:00:15]} 39. gxh3 {[%emt 0:00:01]} Kh8 {[%emt 0:00:01]} 40. Rg1 {[%emt 0:00:03]} Rxg1+ {[%emt 0:00:03]} 41. Rxg1 {[%emt 0:00:00]} Qc3 {[%emt 0:00:00]} 42. Qe8+ {[%emt 0:00:04]} Kh7 {[%emt 0:00:02]} 43. Qg8+ {[%emt 0:00:00]} Kh6 {[%emt 0:00:01]} 44. Qg5+ {[%emt 0:00:02]} Kh7 {[%emt 0:00:02]} 45. Qxh5# {[%emt 0:00:00] (Lag: Av=0.35s, max=0.8s)} 1-0

[Event "Stay Safe Play From Home 150"]
[Site "T#646043Emanuel Laske"]
[Date "2020.05.14"]
[Round "2"]
[White "Tunca"]
[Black "Gibiz144"]
[Result "0-1"]
[WhiteElo "1637"]
[BlackElo "1603"]
[Annotator "NA RC"]
[PlyCount "62"]
[EventDate "2020.05.14"]
[EventType "swiss (blitz)"]

1. e4 {[%emt 0:00:23]} e6 {[%emt 0:00:02]} 2. d4 {[%emt 0:00:01]} b6 {[%emt 0:00:01]} 3. Nc3 {[%emt 0:00:03]} Bb7 {[%emt 0:00:01]} 4. f4 {[%emt 0:00:04]} g6 {[%emt 0:00:01]} 5. Nf3 {[%emt 0:00:02]} Bg7 {[%emt 0:00:01]} 6. Bd3 {[%emt 0:00:02]} f5 {[%emt 0:00:02]} 7. O-O {[%emt 0:00:01]} Ne7 {[%emt 0:00:02]} 8. Qe1 {[%emt 0:00:04]} fxe4 {[%emt 0:00:01]} 9. Nxe4 {[%emt 0:00:01]} O-O {[%emt 0:00:02]} 10. c3 {[%emt 0:00:09]} Nd5 {[%emt 0:00:05]} 11. Nfg5 {[%emt 0:00:11]} h6 {[%emt 0:00:03]} 12. Nh3 {[%emt 0:00:02]} Nc6 {[%emt 0:00:04]} 13. Qg3 {[%emt 0:00:02]} Kh7 {[%emt 0:00:08]} 14. Neg5+ {[%emt 0:00:24]} hxg5 {[%emt 0:00:11]} 15. Nxg5+ {[%emt 0:00:00]} Kg8 {[%emt 0:00:02]} 16. Bxg6 {[%emt 0:00:02]} Qf6 {[%emt 0:00:04]} 17. Bh7+ {[%emt 0:00:04]} Kh8 {[%emt 0:00:02]} 18. Bd2 {[%emt 0:00:25]} Nde7 {[%emt 0:00:11]} 19. Bc2 {[%emt 0:00:07]} Nf5 {[%emt 0:00:07]} 20. Qf3 {[%emt 0:00:18]} Nd8 {[%emt 0:00:05]} 21. Rae1 {[%emt 0:00:01]} Bxf3 {[%emt 0:00:02]} 22. Rxf3 {[%emt 0:00:02]} Nh6 {[%emt 0:00:08]} 23. Rh3 {[%emt 0:00:02]} Ndf7 {[%emt 0:00:04]} 24. Ne4 {[%emt 0:00:02]} Qe7 {[%emt 0:00:05]} 25. Ree3 {[%emt 0:00:01]} Nd6 {[%emt 0:00:03]} 26. Ng5 {[%emt 0:00:02]} Rf6 {[%emt 0:00:02]} 27. Reg3 {[%emt 0:00:01]} Rg8 {[%emt 0:00:02]} 28. b3 {[%emt 0:00:05]} Ndf5 {[%emt 0:00:01]} 29. Rf3 {[%emt 0:00:05]} Rg6 {[%emt 0:00:05]} 30. c4 {[%emt 0:00:01]} Bxd4+ {[%emt 0:00:04]} 31. Kh1 {[%emt 0:00:02]} Kg7 {[%emt 0:00:01] Tunca resigns (Lag: Av=0.49s, max=0.8s)} 0-1

[Event "Stay Safe Play From Home 150"]
[Site "T#646043Emanuel Laske"]
[Date "2020.05.14"]
[Round "2"]
[White "Timbre"]
[Black "Edmatuag"]
[Result "1-0"]
[WhiteElo "1635"]
[BlackElo "1742"]
[Annotator "NA RC"]
[PlyCount "75"]
[EventDate "2020.05.14"]
[EventType "swiss (blitz)"]

1. d4 {[%emt 0:00:04]} c6 {[%emt 0:00:02]} 2. Nf3 {[%emt 0:00:01]} d5 {[%emt 0:00:01]} 3. c3 {[%emt 0:00:01]} Bf5 {[%emt 0:00:02]} 4. Bf4 {[%emt 0:00:01]} Nd7 {[%emt 0:00:02]} 5. e3 {[%emt 0:00:01]} f6 {[%emt 0:00:03]} 6. Bd3 {[%emt 0:00:01]} Bxd3 {[%emt 0:00:06]} 7. Qxd3 {[%emt 0:00:02]} g6 {[%emt 0:00:03]} 8. Nbd2 {[%emt 0:00:01]} Bg7 {[%emt 0:00:01]} 9. O-O {[%emt 0:00:02]} e5 {[%emt 0:00:02]} 10. dxe5 {[%emt 0:00:02]} fxe5 {[%emt 0:00:00]} 11. Bg5 {[%emt 0:00:03]} Qb6 {[%emt 0:00:13]} 12. Qc2 {[%emt 0:00:02]} Ngf6 {[%emt 0:00:18]} 13. c4 {[%emt 0:00:06]} O-O {[%emt 0:00:08]} 14. cxd5 {[%emt 0:00:02]} cxd5 {[%emt 0:00:06]} 15. Rab1 {[%emt 0:00:07]} Kh8 {[%emt 0:00:02]} 16. Qd1 {[%emt 0:00:02]} Rac8 {[%emt 0:00:07]} 17. Nb3 {[%emt 0:00:01]} h6 {[%emt 0:00:15]} 18. Bxf6 {[%emt 0:00:03]} Rxf6 {[%emt 0:00:11]} 19. Qxd5 {[%emt 0:00:04]} Re6 {[%emt 0:00:16]} 20. Qxd7 {[%emt 0:00:04]} Rc7 {[%emt 0:00:11]} 21. Qd1 {[%emt 0:00:08]} Rec6 {[%emt 0:00:06]} 22. h3 {[%emt 0:00:03]} Kh7 {[%emt 0:00:02]} 23. Nh4 {[%emt 0:00:06]} Rc2 {[%emt 0:00:06]} 24. Nf3 {[%emt 0:00:05]} Qf6 {[%emt 0:00:06]} 25. Rc1 {[%emt 0:00:11]} Rxc1 {[%emt 0:00:07]} 26. Nxc1 {[%emt 0:00:03]} e4 {[%emt 0:00:04]} 27. Nd4 {[%emt 0:00:02]} g5 {[%emt 0:00:04]} 28. Ncb3 {[%emt 0:00:02]} h5 {[%emt 0:00:02]} 29. Qxh5+ {[%emt 0:00:04]} Bh6 {[%emt 0:00:04]} 30. Qg4 {[%emt 0:00:04]} Rf7 {[%emt 0:00:03]} 31. Qe2 {[%emt 0:00:05]} Qg6 {[%emt 0:00:01]} 32. Qg4 {[%emt 0:00:02]} Rc7 {[%emt 0:00:04]} 33. Nf5 {[%emt 0:00:04]} Rf7 {[%emt 0:00:01]} 34. Nxh6 {[%emt 0:00:02]} Qxh6 {[%emt 0:00:00]} 35. Qxe4+ {[%emt 0:00:02]} Qg6 {[%emt 0:00:00]} 36. Qxg6+ {[%emt 0:00:01]} Kxg6 {[%emt 0:00:00]} 37. Rd1 {[%emt 0:00:02]} Rc7 {[%emt 0:00:01]} 38. Rc1 {[%emt 0:00:02] Time (Lag: Av=0.32s, max=0.8s)} 1-0

[Event "Stay Safe Play From Home 150"]
[Site "T#646043Emanuel Laske"]
[Date "2020.05.14"]
[Round "2"]
[White "Parth11"]
[Black "MartinKestler"]
[Result "0-1"]
[WhiteElo "1410"]
[BlackElo "1955"]
[Annotator "NA RC"]
[PlyCount "42"]
[EventDate "2020.05.14"]
[EventType "swiss (blitz)"]

1. e4 {[%emt 0:00:05]} d6 {[%emt 0:00:00]} 2. Bc4 {[%emt 0:00:02]} Nf6 {[%emt 0:00:01]} 3. Nc3 {[%emt 0:00:03]} e6 {[%emt 0:00:01]} 4. d4 {[%emt 0:00:02]} d5 {[%emt 0:00:01]} 5. exd5 {[%emt 0:00:03]} exd5 {[%emt 0:00:00]} 6. Qe2+ {[%emt 0:00:02]} Be7 {[%emt 0:00:02]} 7. Bd3 {[%emt 0:00:03]} O-O {[%emt 0:00:02]} 8. Be3 {[%emt 0:00:02]} Re8 {[%emt 0:00:01]} 9. h3 {[%emt 0:00:06]} Nc6 {[%emt 0:00:01]} 10. O-O-O {[%emt 0:00:02]} Nb4 {[%emt 0:00:01]} 11. Qd2 {[%emt 0:00:05]} Nxd3+ {[%emt 0:00:02]} 12. Qxd3 {[%emt 0:00:00]} g6 {[%emt 0:00:01]} 13. Bh6 {[%emt 0:00:03]} Bf5 {[%emt 0:00:03]} 14. Qg3 {[%emt 0:00:11]} c6 {[%emt 0:00:07]} 15. Nf3 {[%emt 0:00:06]} Bd6 {[%emt 0:00:06]} 16. Qh4 {[%emt 0:00:04]} Ne4 {[%emt 0:00:03]} 17. Qh5 {[%emt 0:00:03]} gxh5 {[%emt 0:00:03] Parth11 offers a draw} 18. g4 {[%emt 0:01:10]} Nxc3 {[%emt 0:00:05]} 19. gxf5 {[%emt 0:00:03]} Ne2+ {[%emt 0:00:12]} 20. Kb1 {[%emt 0:00:07]} Bf4 {[%emt 0:00:05]} 21. Rhf1 {[%emt 0:00:02]} Bxh6 {[%emt 0:00:02] Parth11 resigns (Lag: Av=1.43s, max=3.9s)} 0-1

[Event "Stay Safe Play From Home 150"]
[Site "T#646043Emanuel Laske"]
[Date "2020.05.14"]
[Round "2"]
[White "Nagaram"]
[Black "SoulofWolf"]
[Result "0-1"]
[WhiteElo "1343"]
[BlackElo "2086"]
[Annotator "TA"]
[PlyCount "172"]
[EventDate "2020.05.14"]
[EventType "swiss (blitz)"]

{[%evp 11,171,0,47,0,12,0,13,7,40,12,20,-18,-9,-38,49,0,0,-35,2,-29,8,11,34,14,12,0,0,-76,-66,-75,-85,-97,-10,-166,-152,-149,-102,-225,-147,-200,-197,-245,-168,-248,-185,-191,-38,-44,-33,-408,-352,-316,0,0,0,0,0,0,29996,-388,0,0,252,242,372,353,357,283,464,454,2808,184,165,178,245,0,1075,64,56,8,56,57,291,321,318,187,198,198,222,68,65,-971,-901,-723,-633,-567,-562,-696,-694,-680,-654,-941,-926,-29952,-29950,-12362,-10028,-5708,-4682,-29979,-29980,-29980,-29981,-29984,-29985,-29985,-29982,-29984,-29985,-29986,-29987,-29987,-29987,-29987,-29988,-29988,-29989,-29991,-29992,-29992,-29992,-29992,-29993,-29993,-29992,-29992,-29993,-29993,-29993,-29993,-29994,-29994,-29993,-29994,-29994,-29995,-29995,-29996,-29996,-29997,-29995,-29996,-29996,-29996,-29997,-29997,-29997,-29998,-29998,-29998,-29999,-29999]} 1. e4 e6 2. d4 d5 3. exd5 exd5 4. c4 c6 5. Nf3 Bd6 6. Nc3 Ne7 7. Be3 {C01: French: Exchange Variation.} O-O 8. Be2 {[#]} Re8 $146 ({Predecessor:} 8... Qc7 9. O-O Bg4 10. h3 Bh5 11. g4 Bg6 12. c5 Bf4 13. Qd2 Bxe3 14. fxe3 f5 {1-0 (54) Becker,D (1707)-Wichmann,A (1511) playchess.com INT 2012}) 9. O-O {The position is equal.} Nf5 10. Bd2 Be6 11. cxd5 cxd5 12. Bd3 Bc7 (12... Nc6 $15) 13. Bxf5 Bxf5 14. Bg5 Qd6 15. Bh4 Be4 {And now ...Bxf3 would win.} 16. Bg3 Qd7 17. Bxc7 Qxc7 18. Re1 Nc6 19. Nxe4 (19. Ne5 $11) 19... dxe4 $17 20. Nd2 f5 $36 {[%mdl 2048] Black has strong initiative.} 21. f3 {[%cal Rf3e4]} e3 (21... Nxd4 $17 {White must now prevent ...Nc2.} 22. Rc1 Qb6) 22. Nb3 $2 (22. Qb3+ $11 Qf7 23. Qxf7+ Kxf7 24. Nc4) 22... f4 23. Rc1 Qd6 24. g3 (24. Nc5 $17) 24... g5 25. gxf4 (25. Rc5 $17) 25... gxf4 $19 26. Re2 Re7 27. Qd3 (27. Rg2+ {might work better.} Kh8 28. Rc5) 27... Rg7+ 28. Rg2 Ne5 $2 ({Better is} 28... Rd8 $1 $19 29. Qc4+ Qd5 30. Qxd5+ Rxd5) 29. Rxg7+ $1 $15 Kxg7 30. Qf5 $2 {[%mdl 8192]} (30. Qe4 $15 Qg6+ 31. Kf1 Qa6+ 32. Kg1 Qg6+ 33. Kf1 Qxe4 34. fxe4) 30... Nxf3+ $19 {[%mdl 64] Double Attack} 31. Kh1 {[#] Strongly threatening Qg4+.} Qg6 $2 ({Don't go for} 31... h6 $2 32. Qe4 $18) (31... Nh4 $1 $19 {[%cal Rh4f5]} 32. Rg1+ Ng6) 32. Qd7+ Kh6 33. Qh3+ Qh5 34. Qe6+ Kg7 $2 {[%mdl 8192]} (34... Qg6 $11 35. Qh3+ {[%mdl 64] Double Attack} Qh5 36. Qe6+ Qg6 37. Qh3+ {[%mdl 64] Double Attack}) 35. Qe7+ $4 {[%mdl 8192]} (35. Rc7+ {mates} Qf7 36. Rxf7+ Kh8 37. Qf6+ {[%mdl 64] Double Attack} Kg8 38. Qg7#) 35... Kg8 $2 (35... Qf7 $19 36. Qe4 Nh4 37. Qe5+ Kg8 38. Qg5+ Ng6) 36. Qe6+ $11 Qf7 $2 {[%mdl 8192]} (36... Kh8 $11 {and Black stays safe.} 37. Qf6+ {[%mdl 64] Double Attack} Kg8 38. Qe6+ Kf8 39. Qf6+ Kg8 40. Qe6+) 37. Qg4+ $18 {[%mdl 64] Double Attack} Kf8 (37... Kh8 $142 38. Qxf3 Re8) 38. Qxf3 Re8 39. Re1 b6 $2 (39... Qf5 {is a better defense.} 40. Qxb7 f3) 40. Nc1 Re4 (40... e2 $142 41. Rxe2 Re7 42. Rxe7 Kxe7) 41. Nd3 $2 (41. Qxe4 b5 42. Nd3) 41... Rxd4 42. Ne5 Qf5 {[#]} (42... Qd5 $142) 43. Nc6 $2 ({Resist} 43. Qa8+ $6 Kg7 $16) (43. Rxe3 $1 $18 {[%mdl 512]} Rd1+ (43... fxe3 44. Qxf5+) 44. Qxd1 fxe3 45. Qf3 Qxf3+ 46. Nxf3) 43... Qe4 $2 {[%mdl 8192]} (43... Rd2 $11) 44. Qxe4 $2 (44. Nxd4 $18 Qxf3+ 45. Nxf3) 44... Rxe4 {[%mdl 4096] Endgame KRN-KR} 45. Kg1 {next Kg2 is good for White.} ({Not} 45. Nxa7 $2 f3 $19) 45... a6 (45... f3 $5 {[%cal Rf3f2]} 46. Kf1 a5 $14) 46. Kg2 {aiming for b3.} Kf7 $2 (46... Rc4 $14) 47. Kf3 Ra4 48. Ne5+ (48. Ra1 $142 {Threatens to win with b3.} e2 49. a3) 48... Kf6 49. Nd3 Kf5 50. a3 $2 (50. Rc1 $18) 50... Rd4 $14 51. Rxe3 $2 {[%mdl 8192]} (51. Rd1 $14) 51... fxe3 $19 52. Kxe3 $14 {KR-KN} Rd7 53. Nf2 Kg5 54. Ne4+ Kh4 55. Nf6 Rc7 56. Nd5 Rc2 57. Nxb6 Rxb2 58. Nd5 Rxh2 59. Nb4 Kh3 60. Nxa6 {[#]} Ra2 $1 {Black mates.} 61. Nb4 Rxa3+ 62. Kd2 h5 63. Nd5 Ra2+ 64. Kc3 h4 65. Nf4+ Kg3 66. Nd5 Ra3+ 67. Kb4 Rf3 68. Kc4 h3 69. Kd4 h2 70. Ne3 {[#]} Rxe3 $1 {[%mdl 64] Promotion} 71. Kxe3 h1=Q 72. Kd4 Qf3 73. Kc5 Kg4 74. Kd4 Qf4+ 75. Kd5 Kf5 76. Kc6 Qg5 77. Kd6 Qf6+ 78. Kd7 Qe5 79. Kd8 Kf6 80. Kd7 Qd5+ 81. Kc8 Qf7 82. Kb8 Ke6 83. Ka8 Kd6 84. Kb8 Qe7 85. Ka8 Kc6 {[%csl Gc6][%cal Re7b7]} 86. Kb8 Qb7# {Accuracy: White = 39%, Black = 42%.} 0-1